[Event "Baltimore op 56th"]
[Site "Linthicum"]
[Date "2018.02.10"]
[Round "2"]
[White "Chin, Angelica"]
[Black "Huang, Andy"]
[Result "1/2-1/2"]
[WhiteElo "1967"]
[BlackElo "2206"]
[PlyCount "49"]
[EventDate "2018.02.09"]
[EventType "swiss"]
[EventRounds "5"]
[EventCountry "USA"]
[SourceTitle "CBM 183 Extra"]
[Source "ChessBase"]
[SourceDate "2018.04.19"]
[SourceVersion "1"]
[SourceVersionDate "2018.04.19"]
[SourceQuality "1"]

1. e4 c5 2. Nf3 Nc6 3. d4 cxd4 4. Nxd4 Nf6 5. Nc3 e5 6. Ndb5 d6 7. Bg5 a6 8. Na3 b5 9. Nd5 Be7 10. Bxf6 Bxf6 11. c4 b4 12. Nc2 0-0 13. g3 Bg5 14. h4 Bh6 15. Bg2 a5 16. 0-0 Be6 17. Qd3 Nb8 18. Rfd1 Nd7 19. Nde3 Bxe3 20. Nxe3 Ra6 21. Nf5 Nc5 22. Qd2 Qd7 23. Nxg7 Kxg7 24. Qg5+ Kh8 25. Qf6+ 1/2-1/2

[Event "Wch U16 Girls"]
[Site "Montevideo"]
[Date "2017.09.23"]
[Round "8"]
[White "Suito Nakasone, Catherine"]
[Black "Chin, Angelica"]
[Result "0-1"]
[WhiteElo "1946"]
[BlackElo "1781"]
[PlyCount "86"]
[EventDate "2017.09.17"]
[EventType "swiss"]
[EventRounds "11"]
[EventCountry "URU"]
[SourceTitle "CBM 180 Extra"]
[Source "ChessBase"]
[SourceDate "2017.10.06"]
[SourceVersion "1"]
[SourceVersionDate "2017.10.06"]
[SourceQuality "1"]

1. e4 e6 2. d4 d5 3. Nc3 Bb4 4. e5 c5 5. a3 Bxc3+ 6. bxc3 Qa5 7. Bd2 Qa4 8. Nf3 b6 9. c4 Ba6 10. cxd5 Bxf1 11. Kxf1 exd5 12. Be3 c4 13. Nh4 Ne7 14. Kg1 Qd7 15. h3 Nbc6 16. a4 0-0-0 17. Qb1 Rhg8 18. Nf3 Nf5 19. Bg5 Rde8 20. Qb2 h6 21. Bd2 Re6 22. a5 Nxa5 23. Bxa5 bxa5 24. Rxa5 Rb6 25. Qa3 Kb8 26. Kh2 Ne7 27. Ra1 Nc6 28. Ra6 Rxa6 29. Qxa6 Ka8 30. Rb1 Rb8 31. Rxb8+ Kxb8 32. Qb5+ Kc8 33. Qa6+ Qb7 34. Qa3 Qb4 35. Qa6+ Kc7 36. Nh4 Qb6 37. Qa3 Qxd4 38. Qd6+ Kb6 39. Nf3 Qc5 40. Qd7 d4 41. Qxf7 Nxe5 42. Qxg7 Nxf3+ 43. gxf3 Qc7+ 0-1

[Event "Wch U16 Girls"]
[Site "Montevideo"]
[Date "2017.09.20"]
[Round "5"]
[White "Chin, Angelica"]
[Black "Kaczmarska, Joanna"]
[Result "1/2-1/2"]
[WhiteElo "1781"]
[BlackElo "2066"]
[PlyCount "144"]
[EventDate "2017.09.17"]
[EventType "swiss"]
[EventRounds "11"]
[EventCountry "URU"]
[SourceTitle "CBM 180 Extra"]
[Source "ChessBase"]
[SourceDate "2017.10.06"]
[SourceVersion "1"]
[SourceVersionDate "2017.10.06"]
[SourceQuality "1"]

1. e4 e6 2. d4 d5 3. Nd2 Nc6 4. Ngf3 Nf6 5. e5 Nd7 6. c3 f6 7. exf6 Qxf6 8. Nb3 Bd6 9. Bg5 Qf7 10. Be2 0-0 11. 0-0 e5 12. Bh4 h6 13. Bg3 a5 14. a4 Qe7 15. dxe5 Ndxe5 16. Qxd5+ Be6 17. Qd1 Nxf3+ 18. Bxf3 Rad8 19. Bxd6 Rxd6 20. Nd4 Ne5 21. Bh5 c5 22. Qe1 cxd4 23. Qxe5 Rf5 24. Qe2 d3 25. Qd1 Bc4 26. b3 Bd5 27. Bg4 Qe4 28. f3 Qe3+ 29. Kh1 Re5 30. c4 Bc6 31. Re1 Qxe1+ 32. Qxe1 Rxe1+ 33. Rxe1 d2 34. Rd1 Kf7 35. Bf5 Kf6 36. Bc2 Re6 37. Kg1 Re1+ 38. Kf2 Rxd1 39. Bxd1 Ke5 40. Ke3 b6 41. f4+ Kd6 42. g4 Kc5 43. Kxd2 Kd4 44. f5 Be4 45. h4 Bc6 46. g5 hxg5 47. hxg5 Be8 48. Bc2 Bd7 49. f6 gxf6 50. gxf6 Be8 51. Bd1 Ke5 52. Ke3 Kxf6 53. Kd4 Ke6 54. c5 b5 55. Bc2 bxa4 56. bxa4 Bc6 57. Bb3+ Kd7 58. Ke5 Kc7 59. Ke6 Bd7+ 60. Kd5 Be8 61. Bd1 Bc6+ 62. Ke5 Kd7 63. Kd4 Ke7 64. Bc2 Ke6 65. Kc4 Ke5 66. Bd1 Ke6 67. Bg4+ Ke5 68. Bc8 Bxa4 69. Ba6 Bc6 70. Bb5 Bd5+ 71. Kc3 Bb7 72. Bc4 Bc6 1/2-1/2